[Event "Almansa U2000 op 7th"]
[Site "Almansa"]
[Date "2012.08.09"]
[Round "5"]
[White "Fraga Pons, Albert Borja"]
[Black "Ontanon Gomez, Jesus"]
[Result "1/2-1/2"]
[WhiteElo "1974"]
[BlackElo "1880"]
[PlyCount "102"]
[EventDate "2012.08.07"]
[EventType "swiss"]
[EventRounds "9"]
[EventCountry "ESP"]
[SourceTitle "EXT 2024"]
[Source "ChessBase"]
[SourceDate "2023.10.10"]
[SourceVersion "1"]
[SourceVersionDate "2023.10.10"]
[SourceQuality "1"]

1. e4 c5 2. Nc3 a6 3. a4 b6 4. Bc4 Bb7 5. d3 g6 6. f4 e6 7. Nf3 Ne7 8. 0-0 d5 9. Bb3 Bg7 10. e5 0-0 11. Qe1 Nbc6 12. Ne2 b5 13. axb5 axb5 14. Rxa8 Qxa8 15. c3 c4 16. Bc2 cxd3 17. Bxd3 Qa5 18. b4 Qb6+ 19. Kh1 Rd8 20. Ned4 Nxd4 21. Nxd4 Ba6 22. Be3 Qb7 23. Nb3 Bf8 24. Nc5 Qc6 25. Qe2 Nf5 26. Bxf5 exf5 27. Re1 Bc8 28. Ra1 Bxc5 29. Bxc5 Be6 30. Ra5 Rb8 31. Qe1 Ra8 32. Qa1 Rxa5 33. Qxa5 h6 34. Qd8+ Kh7 35. h3 Qa6 36. Bf8 Qc8 37. Qxc8 Bxc8 38. Be7 Bb7 39. Kg1 d4 40. cxd4 Bd5 41. Kf2 Kg8 42. g4 Kh7 43. Kg3 Kg7 44. Kh4 Kh7 45. Bf8 Bc6 46. Kg3 Bd5 47. h4 h5 48. gxf5 gxf5 49. Be7 Kg6 50. Kf2 Kh7 51. Ke3 Kg6 1/2-1/2

[Event "Almansa op-B 6th"]
[Site "Almansa"]
[Date "2011.08.11"]
[Round "5.12"]
[White "Fernandez Cano, Victor"]
[Black "Ontanon Gomez, Jesus"]
[Result "1/2-1/2"]
[WhiteElo "1766"]
[BlackElo "1892"]
[PlyCount "119"]
[EventDate "2011.08.09"]
[EventType "swiss"]
[EventRounds "9"]
[EventCountry "ESP"]
[SourceTitle "EXT 2024"]
[Source "ChessBase"]
[SourceDate "2023.10.10"]
[SourceVersion "1"]
[SourceVersionDate "2023.10.10"]
[SourceQuality "1"]

1. Nf3 c5 2. e3 g6 3. d4 cxd4 4. exd4 Bg7 5. Bf4 Nf6 6. Nbd2 0-0 7. c3 b6 8. Bc4 Bb7 9. 0-0 d6 10. Re1 Nbd7 11. Bb3 Rc8 12. Qe2 Nh5 13. Bg5 Bf6 14. Bxf6 exf6 15. g3 Re8 16. Qd3 Qc7 17. Bc4 Kg7 18. Ba6 Bxa6 19. Qxa6 f5 20. Re2 Rxe2 21. Qxe2 Nhf6 22. Re1 Re8 23. Qd1 Qc8 24. Rxe8 Qxe8 25. Qe1 Qe6 26. Kf1 Qxa2 27. Qb1 Qxb1+ 28. Nxb1 b5 29. Nfd2 Nb6 30. f3 Nfd5 31. Ke2 Na4 32. c4 bxc4 33. Nxc4 Ndb6 34. b3 Nxc4 35. bxc4 Kf6 36. f4 Ke6 37. Nd2 Kd7 38. Kd3 Nb6 39. Kc3 Nc8 40. Kb4 Ne7 41. Kb5 Kc8 42. Ka6 Kb8 43. Nb3 h6 44. Na5 g5 45. d5 gxf4 46. gxf4 Ng6 47. Nc6+ Kc7 48. Nd4 Nxf4 49. Nxf5 h5 50. Kxa7 Ng6 51. Ka6 Ne5 52. Kb5 Nf3 53. h4 Kd7 54. Kb6 Ne5 55. Kb5 Ng6 56. Kb4 Ne7 57. Nxe7 Kxe7 58. Kc3 f5 59. Kd3 Kf6 60. Ke3 1/2-1/2

[Event "Benidorm U16 op"]
[Site "Benidorm"]
[Date "2006.12.07"]
[Round "4"]
[White "Ontanon Gomez, Jesus"]
[Black "Martinez Martinez, Manuel"]
[Result "1/2-1/2"]
[WhiteElo "1749"]
[BlackElo "1940"]
[PlyCount "67"]
[EventDate "2006.12.05"]
[EventType "swiss"]
[EventRounds "7"]
[EventCountry "ESP"]
[SourceTitle "CBM 115 Extra"]
[Source "ChessBase"]
[SourceDate "2007.01.10"]
[SourceVersion "1"]
[SourceVersionDate "2007.01.10"]
[SourceQuality "1"]

1. e4 c5 2. Nf3 e6 3. d4 cxd4 4. Nxd4 a6 5. c4 Nc6 6. Nc3 Qc7 7. a3 Nf6 8. Be3 d6 9. Rc1 Bd7 10. f3 Ne5 11. Be2 Bc6 12. 0-0 Be7 13. b4 0-0 14. b5 Bd7 15. a4 Rfc8 16. b6 Qd8 17. Qb3 Bc6 18. a5 Nfd7 19. Nc2 Nc5 20. Bxc5 dxc5 21. Rfd1 Qe8 22. Ne1 Rd8 23. Nd3 Nxd3 24. Rxd3 Rxd3 25. Bxd3 Rd8 26. Rd1 Bf6 27. Be2 Bd4+ 28. Kf1 Qe7 29. g3 Qg5 30. f4 Qg6 31. Bf3 Re8 32. Ne2 Rd8 33. Nxd4 cxd4 34. Qd3 1/2-1/2